000
00322nam a2200145Ia 4500
008
230718s9999 xx 000 0 und d
041
_a
Eng.
082
_a
346.4206
_b
KHA-M
100
_a
Khan, Ahmad
245
0
_a
Minor Act
260
_a
Pakistan
_b
Punjab Law Book
_c
2015
300
_a
238
650
_a
Law
999
_c
31049
_d
31049